000 00317nam a2200121Ia 4500
005 20251222143258.0
008 251222s9999||||xx |||||||||||||| ||spa||
082 _a658.314/C83L
100 _aCossio de Vivanco, José Luis de
245 0 _aLa Cultura Organizacional
264 _bGráfica Interamericana
942 _cLIB
999 _c15242
_d15242